000 00347nam a2200145Ia 4500
005 20251222152702.0
008 251222s9999||||xx |||||||||||||| ||spa||
020 _a9788466640527
082 _a823.914/J19
100 _aJames, P.D.
245 0 _aMuerte en la ClĂ­nica Privada
250 _a1ra.ed.
264 _bEdiciones B, S.A.
942 _cLIB
999 _c28885
_d28885